000
00271nam a2200121Ia 4500
008
191201s2019 xx 000 0 und d
100
_a
DUTT,Saikat
245
0
_a
Machine Learning
260
_b
Pearson
_c
2019
300
_a
428
650
_a
B.Tech(ME)
942
_2
ddc
_c
BK
_0
1
999
_c
7111
_d
7111